|
|
|
|
| LEADER |
00000nam0a2200000 4500 |
| 001 |
164109 |
| 005 |
20231101222438.0 |
| 020 |
|
|
|a RU
|b 79-77885
|
| 035 |
|
|
|a (RuTPU)RU\TPU\book\178056
|
| 090 |
|
|
|a 164109
|
| 100 |
|
|
|a 20090831d1979 u y0rusy5003 ca
|
| 101 |
1 |
|
|a rus
|c eng
|
| 102 |
|
|
|a RU
|
| 105 |
|
|
|a a z 000zb
|
| 200 |
1 |
|
|a Греческое сокровище
|e биографический роман о Генри и Софье Шлиманах
|e пер. с англ.
|f И. Стоун
|g авт. послесл. Ю. Виноградов
|
| 210 |
|
|
|a Москва
|c Прогресс
|d 1979
|
| 215 |
|
|
|a 463 с.
|c ил.
|
| 600 |
|
1 |
|a Шлиман
|b Г.
|c немецкий предприниматель
|c археолог-любитель
|f 1822-1890
|g Генрих
|2 stltpush
|3 (RuTPU)RU\TPU\pers\23173
|9 10004
|
| 610 |
1 |
|
|a американская литература
|
| 610 |
1 |
|
|a романы
|
| 610 |
1 |
|
|a биографическая проза
|
| 610 |
1 |
|
|a археологические памятники
|
| 610 |
1 |
|
|a Троя
|
| 610 |
1 |
|
|a Микены
|
| 675 |
|
|
|a 82
|z rus
|
| 700 |
|
1 |
|a Стоун
|b И.
|g Ирвинг
|4 070
|
| 702 |
|
1 |
|a Виноградов
|b Ю.
|4 075
|
| 801 |
|
0 |
|a RU
|b RuMRKP
|c 19950704
|g psbo
|
| 801 |
|
1 |
|a RU
|b 63413507
|c 20090831
|
| 801 |
|
2 |
|a RU
|b 63413507
|c 20090831
|g RCR
|
| 942 |
|
|
|c BK
|